Le feminisme dans l'Eueide de Virgile et dans la Jerusalem delivrée du yasse / (Record no. 61477)

MARC details
000 -LEADER
campo de control de longitud fija 00440nam a2200145 i 4500
001 - NÚMERO DE CONTROL
campo de control 61477
003 - IDENTIFICADOR DE NÚMERO DE CONTROL
campo de control ES-MaACL
007 - CAMPO FIJO DE DESCRIPCIÓN FÍSICA--INFORMACIÓN GENERAL
campo de control de longitud fija t|
008 - DATOS DE LONGITUD FIJA--INFORMACIÓN GENERAL
campo de control de longitud fija 031112s1930 fr ||||1| fre d
100 1# - ENTRADA PRINCIPAL--NOMBRE DE PERSONA
Nombre de persona Evrat, Emile.
9 (RLIN) 48404
245 13 - MENCIÓN DEL TÍTULO
Título Le feminisme dans l'Eueide de Virgile et dans la Jerusalem delivrée du yasse /
Mención de responsabilidad, etc. Emile Evrat.
260 ## - PUBLICACIÓN, DISTRIBUCIÓN, ETC.
Lugar de publicación, distribución, etc. Paris :
Nombre del editor, distribuidor, etc. [s.n.,
Fecha de publicación, distribución, etc. 1930] (
Fabricante E. Baurlot et Cª)
300 ## - DESCRIPCIÓN FÍSICA
Extensión 190 p. ;
Dimensiones 19 cm.
852 ## - LOCALIZACIÓN
Ubicación ES-MaACL
Número de control de estantería B-6463
Holdings
Estatus retirado Estado de pérdida Estado de daño No para préstamo Biblioteca de origen Biblioteca actual Ubicación en estantería Fecha de adquisición Fuente de adquisición Total de préstamos Signatura topográfica completa Código de barras Visto por última vez Precio de reemplazo Tipo de ítem Koha
        Biblioteca del Ateneo de Madrid Biblioteca del Ateneo de Madrid Sala Pardo Bazán 17/01/2008     B-6463 1064462 23/02/2023 23/02/2023 Libro impreso